İş ve ticaret hukuku uygulama kılavuzu/ (Record no. 13776)

MARC details
000 -BAŞLIK
Sabit Uzunlukta Kontrol Alanı 00752nam a22002417a 4500
999 ## - SİSTEM KONTROL NUMARALARI (KOHA)
Koha Biblionumber 13776
Koha Biblioitemnumber 13776
003 - KONTROL NUMARASI IDENTIFIER
Denetim Alanı MIRAKIL
005 - SON İŞLEM TARİHİ VE ZAMANI
Denetim Alanı 20200219123057.0
008 - SABİT-BOY VERİ ELEMANLARI - GENEL BİLGİLER
Sabit Uzunlukta Kontrol Alanı 200219b tu ||||| |||| 00| 0 tur d
020 ## - ULUSLARARASI STANDART KİTAP NUMARASI
Uluslararası Standart Kitap Numarası 9786058254909
040 ## - KATALOGLAMA KAYNAK
Orijinal Kataloglama Ajansı TR-AnCHP
Metne Dönüştürmek Ajansı TR-AnCHP
041 ## - DİL KODU
Metin / Ses Parça Veya Ayrı Başlığın Dil Kodu tur
082 ## - DEWEY ONLU SINIFLANDIRMA NUMARASI
Sınıflandırma Numarası 344.56101
Ürün Numarası İ7 2017
245 10 - BAŞLIK TABLOSU
Başlık İş ve ticaret hukuku uygulama kılavuzu/
Sorumluluk Tablosu, Vb BPlus.
246 ## - UNVAN FORM VARYING
Başlık Doğru / Kısa Başlığı Birinci kitap iş hukuku uygulama kılavuzu
250 ## - EDITION TABLOSU
Baskı Beyanı 4 bs.
260 ## - YAYIN, DAĞITIM, VB
Yayın, Dağıtım, Vb Yeri Bursa:
Yayıncı, Dağıtıcı, Vs Adı BPLAS,
Yayın, Dağıtım, Vb Tarihi 2017.
Üretici Firma Reklamland.
300 ## - FİZİKSEL TANIM
Kapsam 592 s:
Diğer Fiziksel Ayrıntıları tbl.şkl.,fotg.;
Boyutlar 25 sm.
650 #0 - KONU KATMA GİRİŞ - TOPİKAL DÖNEM
9 (RLIN) 6287
Topikal Süreli Veya Coğrafi Ad Giriş Elemanı İş hukuku
Genel Alt Bölümü kılavuzlar
Coğrafi Alt Bölümü Türkiye
650 #0 - KONU KATMA GİRİŞ - TOPİKAL DÖNEM
9 (RLIN) 6288
Topikal Süreli Veya Coğrafi Ad Giriş Elemanı Ticaret hukuku
Genel Alt Bölümü kılavuzlar
Coğrafi Alt Bölümü Türkiye
740 ## - KATMA GİRİŞ - KONTROLSUZ İLGİLİ / ANALİTİK BAŞLIK
Kontrol Edilmeyen / İlgili Analitik Başlıktaki Birinci kitap iş hukuku uygulama kılavuzu
942 ## - EKLENDİ GİRİŞ ELEMANLARI (KOHA)
Sınıflandırma Veya Raf Düzeni Kaynak Dewey Decimal Classification
Koha Öğesi Türü Books
999 ## - SİSTEM KONTROL NUMARALARI (KOHA)
Koha Biblioitemnumber 13776
Holdings
Kalıcı Konum Mevcut Konum Edinme Tarihi Toplam Check-Out'Lar Tam Çağrı Numarası Barkod Tarih Son Görülme İtibaren Geçerli Fiyatlar Koha Öğesi Türü
CHP Kütüphanesi CHP Kütüphanesi 02/19/2020   344.56101 İ7 2017 017470 02/19/2020 02/19/2020 Books